000 00383nam a2200133Ia 4500
008 100328s9999 xx 000 0 und d
082 _b17097
100 _aमाथूर जगदिशचंद्र
245 _aओ मेरे सपने
260 _bनीलम
630 _aओ मेरे सपने
730 _aओ मेरे सपने
942 _cBOOK
999 _c511725
_d511722